近戰法師
| 資料類型: | 圖書 | 書目號: | 51821 |
Leader xxxxxxxxxx 001 __ 102509/4/01 005 __ 20171120175636.004 010 0_ |a9789865782160|b第1冊 : 平裝|d新臺幣240元 100 __ |a20171120d2013 km y0chiy50 b 101 0_ |achi 102 __ |atw 105 __ |ay z 000ay 200 1_ |a近戰法師|e|h|f蝴蝶藍作 205 __ |a初版 210 __ |a新北市|c知翎文化|d2013[民102] 215 0_ |a319面|c|d21公分 225 12 |a瘋讀|vCB001 300 __ |a 606 __ |2cst|a小說 681 __ |a857.7|b8585 v.1 700 _0 |a蝴蝶藍|b|4作 702 __ |a|b|4 801 _0 |atw|bLibDipper|c20171120|gCCR |